Multiple Choice Region Quiz – Avernum - Statistics

General Stats
  • This quiz has been taken 92 times
  • The average score is 9 of 10
Answer Stats
Question Answer % Correct
what source provides light in Avernum? Magical moss
100%
What is the main source of food in Avernum? Mushrooms
100%
What race has a settlement allied with humans in Avernum? Slithzerikai
100%
Where is Avernum located? Underground
100%
What's the name of the empire that controls all known lands apart from Avernum? The Empire
99%
What slender, intelligent, mysterious alien-like race inhabited Avernum long before humans arrived? Vahnatai
99%
Which of these is NOT a city in Avernum? Ashdod
95%
Who was the first monarch of the Kingdom of Avernum? Micah
93%
First human settlement in Avernum was a ... Prison colony
74%
Which of these is NOT an adventurer party that saved Avernum from a world-ending catastrophe? First Expedition
64%
No matching quizzes found
Score Distribution
Percent of People with Each Score
Percentile by Number Answered
Your Score History
You have not taken this quiz